000 00777nam a2200289Ia 4500
005 20260324114158.0
008 008 260324s9999 xx 000 0 eng d
020 _a9781003259183
037 _aEBOOK
040 _aCRL
040 _beng
040 _cCRL
041 _2eng
041 _aeng
084 _qCRL
100 _aJasmeet Kour; Raees Ul Haq; Sajad Ahmad Wani; Bhaskar Jyoti
_91149744
245 0 _aHandbook of Nanoencapsulation
245 0 _bPreparation, Characterization, Delivery, and Safety of Nutraceutical Nanocomposites
260 _bTaylor and Francis
260 _c2023
365 _a
365 _b320
856 _uhttp://www.taylorfrancis.com/books/9781003259183
942 _cEBOOK
999 _c1739782
_d1739782